000 00651nam a2200241Ia 4500
003 OSt
005 20220926014418.0
006 a|||||r|||| 00| 0
007 ta
008 220923b |||||||| |||| 00| 0 eng d
037 _cGeneral Book
040 _aRTL
_cRTL
_beng
041 _2eng
_aeng
082 _aX:82, K4;L3
100 _aPigors Paul
245 0 _aManagement of human resources
_b Readings in person
250 _a3rd
260 _aNew York
_bMcGraw Hill USA
_c1973
300 _axii, 589p.
_ccm.
650 _aManagement
_930681
942 _hX:82, K4;L3
_cGB
_2CC
999 _c628976
_d628976